000 004890000a22001810004500
003 MACL
005 20160311122812.0
008 160311b xxu||||| |||| 00| 0 eng d
040 _aMACL
_cMACL
041 _aHindi
082 _a891.433
100 _aसुबोध गोविल
_944815
245 _aगहने
260 _bजगत राम एण्‍ड संस
_c1989
_aदिल्‍ली
350 _a35
650 _aNovel
_944816
942 _cHIN
_k891.433
_2ddc
999 _c29042
_d29042